Statistics for Dynasties of China

Click here to take the quiz!

General Stats

  • This quiz has been taken 7,189 times
    (6,387 since last reset)
  • The average score is 10 of 20

Answer Stats

YearsAnswer% Correct
1368 - 1644Ming
87%
221 - 206 BCQin
84%
206 BC - 9 ADWestern {Han}
73%
25 - 220Eastern {Han}
73%
1644 - 1911Qing
67%
618 - 907Tang
55%
1127 - 1279Southern {Song}
52%
960 - 1127Northern {Song}
52%
1600 - 1050 BCShang
52%
1271 - 1368Yuan
46%
1038 - 1227Western {Xia}
44%
2100 - 1600 BCXia
44%
1050 - 770 BCWestern {Zhou}
44%
770 - 250 BCEastern {Zhou}
44%
1125 - 1234Jin
37%
317 - 420Eastern {Jin}
35%
265 - 317Western {Jin}
35%
9 - 23Xin
29%
581 - 618Sui
28%
907- 1125Liao
17%

Score Distribution

Percentile by Number Answered

Percent of People with Each Score

Your Score History

You have not taken this quiz since the last reset